| 000 | 00441nmm a2200157Ia 4500 | ||
|---|---|---|---|
| 008 | 251105s9999||||xx |||||||||||||||||und|| | ||
| 041 | _aeng | ||
| 100 | _aWittgenstein, Ludwig | ||
| 245 | 0 | _aTractatus Logico-Philosophicus | |
| 264 |
_a[Madrid, España] : _bLinkgua, _c2017 |
||
| 300 | _a136 páginas | ||
| 490 | _aPensamiento | ||
| 650 | _aPhilosophy, Ethics | ||
| 856 | _uhttps://public.digitaliapublishing.com/a/55374 | ||
| 942 | _cCF | ||
| 999 |
_c100418 _d100418 |
||